| 000 | 00505nam a22001577a 4500 | ||
|---|---|---|---|
| 020 | _a9789699704000 | ||
| 082 |
_a222.11092 _bCHH |
||
| 100 | _aMuhammad Ashraf chheenah | ||
| 245 |
_aHagar: the princess, the mother of the Arabs; and Ishmael, the father of twelve princes _cMuhammad Ashraf chheenah |
||
| 250 | _a2nd revised | ||
| 260 |
_aIslamabad: _bI.S.R.C; _c2021. |
||
| 300 | _axxxiv, 294p. | ||
| 563 | _aHB | ||
| 650 |
_athe princess, _athe mother of the Arabs _9117993 |
||
| 942 |
_2ddc _cBK |
||
| 999 |
_c595262 _d595262 |
||